Sector specific sources of competitiveness in the Western Balkans : recommendation for a regional investment strategy /

Uloženo v:
Podrobná bibliografie
Hlavní autor: Hengel, Erin (Autor)
Další autoři: Farra, Fadi (Editor)
Médium: Kniha
Jazyk:angličtina
Vydáno: Paris : OECD, 2009
Vydání:[1st ed.]
Témata:
ISBN:9789264053632
On-line přístup: Získat plný text
Tagy: Přidat tag
Žádné tagy, Buďte první, kdo vytvoří štítek k tomuto záznamu!

MARC

LEADER 00000nam a2200000 4500
003 SK-BrCVT
005 20220621163008.0
006 a####e######000#0#
008 100316s2009 fr ####e######000#0#eng d
020 |a 9789264053632 
035 |a CVTIDW1522419 
040 |b slo  |c CVT  |a CVTI SR  |e AACR2 
041 0 |a eng 
044 |a fr 
080 |a 339.137  |2 UDC-MRF 
080 |a 332.14  |2 UDC-MRF 
080 |a 339.727.22  |2 UDC-MRF 
100 1 |a Hengel, Erin  |4 aut 
245 1 |a Sector specific sources of competitiveness in the Western Balkans :  |b recommendation for a regional investment strategy /  |c Authors: Erin Hengel ... [et al.] ; editors: Fadi Farra ... [et al.] 
250 |a [1st ed.] 
260 |a Paris :  |b OECD,  |c 2009 
300 |a 217 s. :  |b grafy, lit., tab. ; 
500 |a Competitiveness and private sector development 
653 1 |a regionálna konkurencieschopnosť  |a regionálne investície  |a dostupnosť financií  |a produktivita práce 
655 7 |a prehľady  |2 SNKPH 
700 1 |a Farra, Fadi  |4 edt 
710 2 |a Organisation for Economic Co-operation and Development, OECD (Paris, France)  |4 pbl 
852 |a CVTISR  |b 1 
856 4 |u http://ezproxy.cvtisr.sk/login.php?url=https://doi.org/10.1787/9789264055698-en 
910 |a BA002  |b E001663 
919 |a 978-92-64-05363-2 
959 |a o31 
974 |a rita.zubonyaiova  |f Knihy 
992 |a APH 
999 |c 153743  |d 153743